LEADER 00841nam0-2200301---450- 001 990008788200403321 005 20090108123618.0 035 $a000878820 035 $aFED01000878820 035 $a(Aleph)000878820FED01 035 $a000878820 100 $a20090108d1981----km-y0itay50------ba 101 1 $aita 102 $aIT 105 $aa-------001yy 200 1 $aDopo il manicomio$el'esperienza psichiatrica di Arezzo$fOta De Leonardis 210 $aRoma$cIl pensiero scientifico$d1981 215 $a125 p.$cill.$d21 cm 610 0 $aAssistenza psichiatrica - Arezzo 676 $a362.2$v19 700 1$aDe Leonardis,$bOta$0123766 801 0$aIT$bUNINA$gRICA$2UNIMARC 901 $aBK 912 $a990008788200403321 952 $aA 8/7$bs. i.$fDMNUP 959 $aDMNUP 996 $aDopo il manicomio$9809593 997 $aUNINA LEADER 00987cam0-2200325---450 001 990004892360403321 005 20220328100905.0 035 $a000489236 035 $aFED01000489236 035 $a(Aleph)000489236FED01 035 $a000489236 100 $a19990604d1894----km-y0itay50------ba 101 0 $aita 102 $aIT 105 $ay-------001yy 200 1 $aElementi di rettorica$ecompilati per uso delle scuole italiane$elibro approvato dal consiglio scolastico della provincia di Firenze$fG. Rigutini 205 $a6. ed. emendata 210 $aFirenze$cR. Bemporad e figlio$d1894 215 $aVIII, 443 p.$d18 cm 225 1 $aBiblioteca scolastica 610 0 $aRetorica 676 $a808.001 700 1$aRigutini,$bGiuseppe$f<1829-1903>$0349554 801 0$aIT$bUNINA$gRICA$2UNIMARC 901 $aBK 912 $a990004892360403321 952 $a808.001 RIG 1$bBibl.2098$fFLFBC 959 $aFLFBC 996 $aElementi di rettorica$9520538 997 $aUNINA